Hayatul Muslimeen / (Record no. 187940)
[ view plain ]
| 000 -LEADER | |
|---|---|
| fixed length control field | 00407 a2200157 4500 |
| 003 - CONTROL NUMBER IDENTIFIER | |
| control field | Nust |
| 005 - DATE AND TIME OF LATEST TRANSACTION | |
| control field | 20230302094302.0 |
| 040 ## - CATALOGING SOURCE | |
| Transcribing agency | Nust |
| 082 ## - DEWEY DECIMAL CLASSIFICATION NUMBER | |
| Classification number | 297,TAH |
| 100 ## - MAIN ENTRY--PERSONAL NAME | |
| Personal name | Ali , Ashraf |
| 9 (RLIN) | 109714 |
| 245 ## - TITLE STATEMENT | |
| Title | Hayatul Muslimeen / |
| Statement of responsibility, etc. | Moulana Ashraf Ali Thanvi |
| 260 ## - PUBLICATION, DISTRIBUTION, ETC. | |
| Place of publication, distribution, etc. | Karachi |
| Name of publisher, distributor, etc. | Islamic Books |
| 300 ## - PHYSICAL DESCRIPTION | |
| Extent | 176 |
| 650 ## - SUBJECT ADDED ENTRY--TOPICAL TERM | |
| Topical term or geographic name entry element | Muslim Economic & Social Problems (Urdu) |
| 9 (RLIN) | 109715 |
| 942 ## - ADDED ENTRY ELEMENTS (KOHA) | |
| Source of classification or shelving scheme | |
| Koha item type | Book |
| Call number prefix | 297,TAH |
| Withdrawn status | Lost status | Source of classification or shelving scheme | Damaged status | Not for loan | Permanent Location | Current Location | Shelving location | Date acquired | Full call number | Barcode | Date last seen | Price effective from | Koha item type | Public note |
|---|---|---|---|---|---|---|---|---|---|---|---|---|---|---|
| Military College of Signals (MCS) | Military College of Signals (MCS) | General Stacks | 12/12/2016 | 297,TAH | MCS00000 | 12/08/2016 | 12/12/2016 | Book | Almirah No. 63, Shelf No. 3 | |||||
| Military College of Signals (MCS) | Military College of Signals (MCS) | General Stacks | 12/12/2016 | 297,TAH | MCS34092 | 12/08/2016 | 12/12/2016 | Book | Almirah No. 63, Shelf No. 3 | |||||
| Military College of Signals (MCS) | Military College of Signals (MCS) | General Stacks | 12/12/2016 | 297,TAH | MCS34093 | 12/08/2016 | 12/12/2016 | Book | Almirah No. 63, Shelf No. 3 | |||||
| Military College of Signals (MCS) | Military College of Signals (MCS) | General Stacks | 12/12/2016 | 297,TAH | MCS34094 | 12/08/2016 | 12/12/2016 | Book | Almirah No. 63, Shelf No. 3 | |||||
| Military College of Signals (MCS) | Military College of Signals (MCS) | General Stacks | 12/12/2016 | 297,TAH | MCS34095 | 12/08/2016 | 12/12/2016 | Book | Almirah No. 63, Shelf No. 3 |
